| 000 | 00762nam a22002417a 4500 | ||
|---|---|---|---|
| 003 | UA-OsUOA | ||
| 001 | 69145 | ||
| 007 | ta | ||
| 008 | 20100609b un ||||| |||| 00| 0 ukr d | ||
| 100 | _aМисливий В. А. | ||
| 090 |
_a343.346.5(477) _bМ65 |
||
| 942 | _cBK | ||
| 040 |
_aUA-OsUOA _bukr _cUA-OsUOA _dUA-OsUOA |
||
| 245 |
_aЗлочини проти безпеки дорожнього руху та експлуатації транспорту _bМонографія |
||
| 300 | _a343.3 с. | ||
| 955 | _a2 | ||
| 041 | _aukr | ||
| 080 | _a343.346.5(477) | ||
| 020 | _a966-7894-65-7 | ||
| 260 |
_aДніпропетровськ _c2004 |
||
| 650 | 7 |
_a343 Кримінальне право. Карні порушення _2UDC |
|
| 999 |
_c355408 _d355408 |
||